000
00255nam a2200109Ia 4500
100
_a
Noyes J.L.
942
_c
BK
654
_a
artificial
245
_a
Artificial intelligence with Common List
260
_b
Galgotia
_a
New Delhi
_c
1993
546
_a
ENGLISH
999
_c
25961
_d
25961